1278 1374 1334 1040 1709 1112 1577 1353 1156 1098 1216 1008 1533 1279 1139 1609 1734 1294 1318 1433 1572 1047 1808 1118 1638 1366 1410 1591 1181 1764 1465 1739 1356 1267 1367 1701 1245 1086 1150 1016 1421 1641 1756 1774 1101 1258 1911 1765 1029 1941 1733 1335 1390 1030 1627 1327 1429 1879 1200 1121 1190 1868 1376 1367 1664 1801 1949 1375 1558 1879 1452 1232 1174 1065 1765 1676 1567 1055 1175 1347 1730 1236 1284 1016 1016 1025 1101 1350 1369 1651 1603 1088 1871 1111 1566 1885 1607 1975 1732 BCNSPRNW ULIB Ver.6.0+V

เปลี่ยนเป็นภาษาไทย

Change to English
 แสดงรายละเอียดบรรณานุกรม
  กลับหน้าหลัก

Brief Record : Get Marc (ISO 2709) : E-mail record : QR code < ปิดหน้าต่าง
LEADER : 00000nam 2200000uu 4500
001    13399128133
003     ULIB
008    220718s2564||||th 000 0 tha d
020 ^- ^a9786165828918
060 ^- ^aWA20.5^bท56ก
100 0^ ^aทวีวรรณ ศรีสุขคำ.
245 10 ^aการวิจัยเชิงปฏิบัติการทางสุขภาพ =Action research in health /^cทวีวรรณ ศรีสุขคำ.
246 11 ^aAction research in health
250 ^- ^aพิมพ์ครั้งที่ 1.
260 ^- ^aกรุงเทพฯ :^bโอ. เอส. พริ้นติ้ง เฮ้าส์,^c2564
300 ^- ^aก-ญ, 209 หน้า :ภาพประกอบ (ภาพสีบางภาพ)
505 0^ ^aบทที่ 1 ความเป็นมาการวิจัยเชิงปฏิบัติการทางสุขภาพ -- บทที่ 2 กระบวนทัศน์การวิจัยเชิงปฏิบัติการ -- บทที่ 3 แนวคิดและประเภทการวิจัยเชิงปฏิบัติการทางสุขภาพ -- บทที่ 4 หลักการ กระบวนการ และขั้นตอนการวิจัยเชิงปฏิบัติการทางสุขภาพ -- บทที่ 5 การกำหนดปัญหา คำถาม วัตถุประสงค์การวิจัย การทบทวนวรรณกรรมการวิจัยเชิงปฏิบัติการทางสุขภาพ -- บทที่ 6 เครื่องมือการวิจัยสำหรับการวิจัยเชิงปฏิบัติการทางสุขภาพ -- บทที่ 7 เทคนิควิธีที่นำมาใช้การวิจัยเชิงปฏิบัติการทางสุขภาพ -- บทที่ 8 การตรวจสอบคุณภาพข้อมูลในการวิจัยเชิงปฏิบัติการทางสุขภาพ -- บทที่ 9 การวิเคราะห์ข้อมูลในการวิจัยเชิงปฏิบัติการทางสุขภาพ -- บทที่ 10 การเขียนรายการการวิจัยเชิงปฏิบัติการทางสุขภาพ.
650 ^4 ^aวิจัยปฏิบัติการในงานสาธารณสุข.
650  0 ^aสาธารณสุข^xวิจัย.
945    ^p350^l0^i009050
999    ^aประนอม เกษจรัล
รายการนี้ยังไม่มีแท็ก
คุณยังไม่ได้ล็อกอิน คุณสามารถมีกิจกรรมร่วมกับเว็บไซต์ได้ แต่ต้องล็อกอินก่อน ::
  ล็อกอิน

รายการสื่อสารสนเทศ

ลำดับที่ ประเภท เลขเรียก/บาร์โค้ด สถานที่ สถานะ
1. วิทยาศาสตร์การแพทย์ และสุขภาพ
หนังสือสำรอง
สถานะ=หนังสือสำรอง
WA20.5 ท56ก ฉ.1 
  Barcode: 009050
ห้องสมุดวิทยาเขตสวรรค์ประชารักษ์
►หนังสือทั่วไป
ถูกยืม กำหนดส่งวันที่ 21 มิถุนายน 2566
  จอง

รายการใกล้เคียง
    หัวเรื่อง [สาธารณสุข วิจัย.]

BibComment


ยังไม่เคยถูกคอมเมนท์

คอมเมนท์ทรัพยากรรายการนี้
  คอมเมนท์: การวิจัยเชิงปฏิบ..


 Copyright 2026. Bcnsprnw @Library